000 00279nam a2200121Ia 4500
008 190216s9999||||xx |||||||||||||| ||und||
100 _aBalakrishnan.P.K
245 0 _aEani Njan Urangikotte
260 _bPoorna Pubs Kozhikode
300 _a297p
650 _aNovel
942 _cBK
999 _c25283
_d25283